000 00319nam a2200133Ia 4500
008 191201s2011 xx 000 0 und d
100 _aBRADLY, Julia Case
245 0 _aProgramming in Visual Basic .Net
250 _aRep
260 _aNew Delhi
_bTMH
_c2011
300 _a600
650 _aM.Tech(CSE)
942 _2ddc
_cBK
999 _c5990
_d5990